000 00779nam a22002177a 4500
005 20220107090748.0
008 220107b2021 MY ||||| |||| 00| 0 eng d
020 0 0 _a9789679789874
_cRM 58.80
040 _aAKMAL
082 0 0 _a355.02 KHO
090 2 0 _a355.02
_bKHO
100 1 _a Khoo, Kheng-Hor,
_d1956-
_99367
245 1 4 _aTHE SUN TZU MANUAL :
_bMastering the Art of War /
_cKHOO KHENG-HOR
264 1 _aPetaling Jaya, Selangor :
_bPelanduk Publications (M) Sdn Bhd,
_c2017
300 _a 640 pages ;
_c23cm
600 1 0 _a Sunzi,
_dactive 6th century B.C.
_xCriticism and interpretation
_99368
650 1 0 _a War
_vEarly works to 1800
_99369
650 2 0 _a Military art and science
_vEarly works to 1800
_99370
650 2 0 _aMilitary history
_99371
942 _2ddc
_cBOOK
999 _c4924
_d4924